LEADER 00911nam a2200217 i 4500 001 000000115204 003 CaOOAMICUS 005 20260409123535.0 008 030515s1987 fr u000 u fre u 040 $aSeMil$bita 245 10$aHachette :$bdictionnaire du français /$cpréface de Claude Hagège. 264 1$a[France] :$bHachette,$c1987. 300 $a1767 p., [32] p. di tav. ;$c24 cm. 650 4$aLingua francese - Dizionari, vocabolari, glossari, etc.$0(OLS)http://semarc/subject/1314 700 1 $aHagège, Claude,$d<1936- >.$0(OLS)http://semarc/name/48131 850 $aSeMil 852 $aSeMil$W1$xVenegono$y1$mSL1.A IV 13$j269958$B70735$CSeMilBibl$Z2$F83660 $8I 961 $aLascito: Bidoglio don Maurizio 996 $6245$aHachette :$bdictionnaire du français$9(OLS)http://semarc/title/168656 996 $6264$a[France] :$bHachette$9(OLS)http://semarc/publisher/32523